| 000 | 01506nam a22003617a 4500 | ||
|---|---|---|---|
| 001 | BR8300208 | ||
| 003 | BR-BrBNA | ||
| 005 | 20230928091600.0 | ||
| 007 | ta | ||
| 008 | 230509b bl.||||| |||| 00| 0 por d | ||
| 040 |
_aBR-BrBNA _bpor _cBiblioteca Nacional de Agricultura |
||
| 041 | _a(Por) | ||
| 072 |
_aF25 _b0170 _b3830 _b/G514 |
||
| 090 | _ 0170 BR8300208 | ||
| 100 | 1 | _aKaminski, J. | |
| 110 | 1 |
_aEscola Superior de Agricultura Luiz de Queiroz, Piracicaba, SP (Brasil) _0Tese (Doutor em Agronomia) |
|
| 245 | 1 | _aEfeito de cinco fosfatos pre-, CO- E POS-APLICADOS AO CALCARIO NO SUPRIMENTO DE FOSFORO AO SORGO (Sorghum bicolor (L.)Moench, cv. Contibrasil), em tres solos acidos [solo arenoso, solo argiloso, Rio Grande do Sul, Minas Gerais, Sao Paulo, Brasil] | |
| 246 | 1 | _aEffect of phosphate forms in supplying phosphorus for sorghum plants (Sorghum bicolor (L.), Moench, cv. Contibrasil), when prior-, CO- and post-applied to lime, in trhee acid soils [sandy soil, clayish soil, Rio Grande do Sul, Minas Gerais, Sao Paulo, Brazil] | |
| 260 | 3 |
_aPiracicaba, SP (Brasil): _c1983. |
|
| 300 | _a135 p. | ||
| 500 | _a8 illus.; 38 tables; Bibliography p. 102-114 (90 ref.); Summaries (Eng, Por) | ||
| 650 | _aSORGO | ||
| 650 | _aFOSFATO | ||
| 650 | _aFOSFORO | ||
| 650 | _aCALCARIO | ||
| 650 | _aSOLO ARENOSO | ||
| 650 | _aSOLO ARGILOSO | ||
| 650 | _aRIO GRANDE DO SUL | ||
| 650 | _aMINAS GERAIS | ||
| 650 | _aSAO PAULO | ||
| 909 |
_a202309 _bLucia _c55 _dLucia Elande |
||
| 942 | _cBK | ||
| 999 |
_c34514 _d34514 |
||